Organes du Corps Humain par la description #2 - Statistiques

Statistiques générales
  • Ce quiz a été pris 1 189 fois
  • Le résultat moyen est 15 sur 22
Statistiques - réponses
Hint Réponse % Correct
Disque coloré de l'œil Iris
87%
Élabore et véhicule les matières fécales Côlon
86%
Principale artère de l'organisme Aorte
85%
Os du genou Rotule
83%
Organe qui brasse, prédigère et stérilise les aliments Estomac
82%
Région postérieure du cou Nuque
82%
Conduit reliant le larynx aux bronches Trachée
80%
Orifice de l'abdomen Nombril
77%
Os long des doigts ou des orteils Phalange
75%
Glande endocrine du cou au rôle physiologique essentiel Thyroïde
75%
Membrane tapissant le fond de l'œil Rétine
73%
Excroissance du gros intestin Appendice
68%
Glande produisant les gamètes Ovaire
68%
Os unique du bras Humérus
67%
Organe protecteur de l'organisme Peau
66%
Le plus externe des deux os de l'avant-bras Radius
65%
Ensemble des os du squelette de la paume de la main Métacarpe
62%
Os long situé à la partie externe de la jambe Péroné
60%
Appendice charnu à l'entrée du gosier Luette
56%
Groupe de sept os articulés du pied Tarse
55%
Plus gros organe abdominal du corps Foie
51%
Organe développé seulement chez l'enfant qui joue un rôle dans l'immunité Thymus
44%
Aucun quiz correspondant
Distribution des résultats
% des personnes avec chaque résultat
Percentile par nombre de réponses
Votre historique - résultats
Vous n’avez pas pris ce quiz